| 000 | 00356nam a22001457a 4500 | ||
|---|---|---|---|
| 999 |
_c7946 _d7946 |
||
| 003 | OSt | ||
| 005 | 20200610104016.0 | ||
| 008 | 200610b ||||| |||| 00| 0 eng d | ||
| 020 | _a9781864705591 | ||
| 082 |
_a720.92 _bSAF |
||
| 100 | _a Safdie, Moshe | ||
| 245 | _aSafdie | ||
| 260 |
_aAustralia _bImages Publishing Dist Ac _cDecember 22, 2014 |
||
| 942 | _2ddc | ||